Principles of agronomy / (Record no. 57)
[ view plain ]
| 000 -LEADER | |
|---|---|
| fixed length control field | 00586cam a2200229ua 4500 |
| 003 - CONTROL NUMBER IDENTIFIER | |
| control field | OSt |
| 008 - FIXED-LENGTH DATA ELEMENTS--GENERAL INFORMATION | |
| fixed length control field | 240213b |||||||| |||| 00| 0 eng d |
| 020 ## - INTERNATIONAL STANDARD BOOK NUMBER | |
| ISBN | 81-272-0282-7 |
| 041 ## - LANGUAGE CODE | |
| Language code of text/sound track or separate title | eng |
| 082 ## - DEWEY DECIMAL CLASSIFICATION NUMBER | |
| Classification number | 630.21 |
| Item number | RED/PR |
| 100 ## - MAIN ENTRY--AUTHOR NAME | |
| Personal name | Yellamanda Reddy, T . |
| 245 ## - TITLE STATEMENT | |
| Title | Principles of agronomy / |
| 250 ## - EDITION STATEMENT | |
| Edition statement | 3 / |
| 260 ## - PUBLICATION, DISTRIBUTION, ETC. (IMPRINT) | |
| Place of publication | New Delhi : |
| Name of publisher | Kalyani Publishers , |
| Year of publication | 2005. |
| 300 ## - PHYSICAL DESCRIPTION | |
| Number of Pages | 510 ; . |
| 500 ## - GENERAL NOTE | |
| General note | 19371-Reference,20874 Scheme |
| 650 ## - SUBJECT ADDED ENTRY--TOPICAL TERM | |
| Topical Term | Plant population |
| 650 ## - SUBJECT ADDED ENTRY--TOPICAL TERM | |
| Topical Term | Irrigation |
| 700 ## - ADDED ENTRY--PERSONAL NAME | |
| Personal name | Sankara Reddy, G H . |
| 942 ## - ADDED ENTRY ELEMENTS (KOHA) | |
| Koha item type | Books |
| 003 - CONTROL NUMBER IDENTIFIER | |
| control field | OSt |
| Withdrawn status | Lost status | Damaged status | Collection code | Home library | Current library | Date acquired | Full call number | Accession Number | Koha item type | Shelving location |
|---|---|---|---|---|---|---|---|---|---|---|
| Non-fiction | KAUAET | KAUAET | 07/04/2012 | 630.21 RED/PR | 19371 | Books | ||||
| Non-fiction | KAUAET | KAUAET | 03/05/2012 | 630.21 RED/PR | 20975 | Books | General Stacks | |||
| Non-fiction | KAUAET | KAUAET | 19/11/2012 | 630.21 RED/PR | 20973 | Books | General Stacks | |||
| Non-fiction | KAUAET | KAUAET | 15/12/2012 | 630.21 RED/PR | 19421 | Books | General Stacks | |||
| KAUAET | KAUAET | 18/10/2013 | 630.21 RED/PR | 20976 | Books | General Stacks | ||||
| KAUAET | KAUAET | 15/11/2013 | 630.21 RED/PR | 20974 | Books | General Stacks | ||||
| KAUAET | KAUAET | 14/09/2018 | 630.21 RED/PR | 20874 | Book Bank scheme for SC students | Scheme |
